|
|
|
|
| LEADER |
00000aam a2200000 i 4500 |
| 001 |
115617 |
| 003 |
CZ ZlUTB |
| 005 |
20260507094514.0 |
| 007 |
ta |
| 008 |
260326s2026 xr ac e 000 0dcze d |
| 015 |
|
|
|a cnb003724194
|
| 020 |
|
|
|a 978-80-88511-29-8
|q (vázáno) :
|c Kč 499.00
|
| 040 |
|
|
|a JHG001
|b cze
|d KLG001
|d ZLD002
|e rda
|
| 043 |
|
|
|a e-xr---
|
| 045 |
|
|
|a x-x-
|
| 072 |
|
7 |
|a 641
|x Kuchařství. Potraviny. Vařená jídla
|2 Konspekt
|9 19
|
| 072 |
|
7 |
|a 929
|x Biografie
|2 Konspekt
|9 8
|
| 080 |
|
|
|a 658.114-051-058.833
|2 MRF
|
| 080 |
|
|
|a 641.55
|2 MRF
|
| 080 |
|
|
|a 641.55(083.12)
|2 MRF
|
| 080 |
|
|
|a (437.3)
|2 MRF
|
| 080 |
|
|
|a (083.12)
|2 MRF
|
| 080 |
|
|
|a (0:82-94)
|2 MRF
|
| 100 |
1 |
|
|a Culík Končitíková, Gabriela,
|d 1987-
|7 xx0167732
|4 aut
|
| 245 |
1 |
0 |
|a Kuchařské umění první dámy Zlína :
|b recepty Marie Baťové /
|c Gabriela Končitíková, Romana Homolová, Martina Jadrníčková a Klára Horáková
|
| 246 |
3 |
0 |
|a Recepty Marie Baťové
|
| 250 |
|
|
|a První vydání
|
| 264 |
|
1 |
|a Zlín :
|b Nadace Tomáše Bati,
|c 2026
|
| 300 |
|
|
|a 289 stran :
|b barevné ilustrace, portréty ;
|c 25 cm
|
| 336 |
|
|
|a text
|b txt
|2 rdacontent
|
| 337 |
|
|
|a bez média
|b n
|2 rdamedia
|
| 338 |
|
|
|a svazek
|b nc
|2 rdacarrier
|
| 600 |
1 |
7 |
|a Baťová, Marie,
|d 1892-1954
|7 xx0130834
|2 czenas
|
| 648 |
|
7 |
|a 20. století
|7 ch460558
|2 czenas
|
| 650 |
0 |
7 |
|a manželky podnikatelů
|7 ph934074
|z Česko
|y 20. století
|2 czenas
|
| 650 |
0 |
7 |
|a jídla
|7 ph114847
|2 czenas
|
| 650 |
0 |
7 |
|a kuchařské recepty
|7 ph939289
|2 czenas
|
| 650 |
0 |
9 |
|a manželky podnikatelů
|z Czechia
|y 20th century
|2 eczenas
|
| 650 |
0 |
9 |
|a meals
|2 eczenas
|
| 650 |
0 |
9 |
|a cooking recipes
|2 eczenas
|
| 655 |
|
7 |
|a kuchařské recepty
|7 fd132687
|2 czenas
|
| 655 |
|
7 |
|a medailony
|7 fd185951
|2 czenas
|
| 655 |
|
9 |
|a cookbooks
|2 eczenas
|
| 655 |
|
9 |
|a biographical portraits
|2 eczenas
|
| 700 |
1 |
|
|a Homolová, Romana
|7 xx0343583
|4 aut
|
| 700 |
1 |
|
|a Jadrníčková, Martina
|7 xx0343518
|4 aut
|
| 700 |
1 |
|
|a Horáková, Klára
|7 xx0343517
|4 aut
|
| 710 |
2 |
|
|a Nadace Tomáše Bati
|7 ko2004230725
|4 pbl
|
| 910 |
|
|
|a ZLD002
|
| 942 |
|
|
|2 udc
|
| 952 |
|
|
|0 0
|1 0
|4 0
|6 641CULÍK_KONČITÍKOVÁG
|7 -1
|8 BOOK
|9 191052
|a UTBZL
|b UTBZL
|c 005
|d 2026-05-07
|l 0
|o 641/CULÍK KONČITÍKOVÁ,G.
|p 420010201931
|r 2026-05-07 09:46:07
|v 499.00
|w 2026-05-07
|x N:nákup
|y 01
|
| 952 |
|
|
|0 0
|1 0
|4 0
|6 641CULÍK_KONČITÍKOVÁG
|7 0
|8 BOOK
|9 191053
|a UTBZL
|b UTBZL
|c 031
|d 2026-05-07
|l 0
|o 641/CULÍK KONČITÍKOVÁ,G.
|p 420010201932
|r 2026-05-07 09:46:26
|v 499.00
|w 2026-05-07
|x N:nákup
|y 01
|
| 992 |
|
|
|a BK
|b SKNEW
|
| 999 |
|
|
|c 115617
|d 115617
|